Environmental code of practice for buildings and their services (Record no. 103119)
[ view plain ]
| 000 -LEADER | |
|---|---|
| fixed length control field | 01830cam a2200289 4500 |
| 008 - FIXED-LENGTH DATA ELEMENTS--GENERAL INFORMATION | |
| fixed length control field | 031013n1999 000 0 eng u |
| 020 ## - INTERNATIONAL STANDARD BOOK NUMBER | |
| International Standard Book Number | 0860225240 |
| 035 ## - SYSTEM CONTROL NUMBER | |
| System control number | (Sirsi) u123906 |
| 041 ## - LANGUAGE CODE | |
| Language code of text/sound track or separate title | eng |
| 050 ## - LIBRARY OF CONGRESS CALL NUMBER | |
| Classification number | 692.2 |
| -- | 18 |
| 110 ## - MAIN ENTRY--CORPORATE NAME | |
| Corporate name or jurisdiction name as entry element | Building Services Research Information Association |
| 9 (RLIN) | 1730 |
| 245 ## - TITLE STATEMENT | |
| Title | Environmental code of practice for buildings and their services |
| 250 ## - EDITION STATEMENT | |
| Edition statement | 2nd ed |
| 260 ## - PUBLICATION, DISTRIBUTION, ETC. | |
| Place of publication, distribution, etc. | Bracknell |
| Name of publisher, distributor, etc. | BSRIA |
| Date of publication, distribution, etc. | 1999 |
| 300 ## - PHYSICAL DESCRIPTION | |
| Extent | viii, 131p. |
| Dimensions | 30cm |
| 350 ## - PRICE (NR) (BK AM CF MU VM SE) [OBSOLETE] | |
| Price | 50 |
| 490 ## - SERIES STATEMENT | |
| Series statement | RICS Code of Practice |
| Volume/sequential designation | COP 6/99 |
| 520 ## - SUMMARY, ETC. | |
| Summary, etc. | Revised edition of the environmental code of practice which is the result of feedback on the first edition. The scope of the code has been broadened to consider the whole design and construction process in more detail. Also now aimed at all professional disciplines, not just those involved in determing the type and level of a building's services. New recommendations have been added to provide more guidance on issues not directly related to building services. Individual recommendations have been revised or new recommendations added to reflect changes in legislation, guidance available and progress in understanding the concept of a sustainable building. The code of practice is aimed at clients, designers, quantity surveyors, contractors, manufacturers and suppliers, owners, occupiers and facilities managers. |
| 520 ## - SUMMARY, ETC. | |
| Summary, etc. | The Rules of thumb, included in the orginal code of practice, are now available as a separate publication, Rules of thumb": guidelines for building services" (ISBN 0860226263). |
| 650 ## - SUBJECT ADDED ENTRY--TOPICAL TERM | |
| Topical term or geographic name entry element | Block management |
| 9 (RLIN) | 6220 |
| 650 ## - SUBJECT ADDED ENTRY--TOPICAL TERM | |
| Topical term or geographic name entry element | SUSTAINABLE BUILDINGS |
| 650 ## - SUBJECT ADDED ENTRY--TOPICAL TERM | |
| Topical term or geographic name entry element | ENVIRONMENTAL CODE OF PRACTICE |
| 650 ## - SUBJECT ADDED ENTRY--TOPICAL TERM | |
| Topical term or geographic name entry element | ENVIRONMENTAL POLICY |
| 650 ## - SUBJECT ADDED ENTRY--TOPICAL TERM | |
| Topical term or geographic name entry element | BUILT ENVIRONMENT-CONSTRUCTION DESIGN |
| 690 ## - LOCAL SUBJECT ADDED ENTRY--TOPICAL TERM (OCLC, RLIN) | |
| Topical term or geographic name as entry element | Block management |
| 9 (RLIN) | 6220 |
| 942 ## - ADDED ENTRY ELEMENTS (KOHA) | |
| Suppress in OPAC | 0 |
| Withdrawn status | Lost status | Source of classification or shelving scheme | Damaged status | Not for loan | Home library | Current library | Shelving location | Date acquired | Cost, normal purchase price | Total Checkouts | Full call number | Barcode | Date last seen | Date last checked out | Copy number | Cost, replacement price | Price effective from | Koha item type |
|---|---|---|---|---|---|---|---|---|---|---|---|---|---|---|---|---|---|---|
| Other/Generic Classification Scheme | London | London | Books | 28/11/2003 | 42.50 | 3 | F692.2 BUI | 30068912 | 06/08/2019 | 16/02/2005 | 1 | 42.50 | 06/08/2019 | Book |